Statystyki dla QUIZ WPISZ LITERY W RÓŻNYCH KOLEJNOŚCIACH

Kliknij tutaj aby rozwiązać quiz!

Ogólne statystyki

  • Ten quiz został rozwiązany 21 razy
  • Średni wynik to 14 z 20

Statystyki odpowiedzi

HintOdpowiedź% Poprawnych
DDEDDE
81%
WIXWIX
81%
DDPDDP
75%
DEEDEE
75%
DEPDEP
75%
EDPEDP
75%
EEDEED
75%
PDEPDE
75%
RERRER
75%
RESRES
75%
RRDRRD
75%
RRERRE
75%
DESDES
69%
EEEEEE
69%
EESEES
69%
ESSESS
69%
REEREE
69%
DSEDSE
63%
EDEEDE
63%
RDDRDD
56%

Rozkład punktacji

Percentyl według liczby udzielonych odpowiedzi

Procent ludzi z każdym wynikiem

Twoja historia wyników

Nie rozwiązałeś tego quizu